000 00473nam a2200181Ia 4500
008 230711s9999||||xx |||||||||||||| ||und||
020 _a978-93-392-1954-3
041 _aENG
082 _a621.3815
_bMI-E
100 _aMillman,Late Jacob
245 0 _aElectronic devices and circuits
250 _a4thEd.
260 _c2016
_aNew Delhi
_bMcGraw Hill Education(India) Private Limited
300 _a749
650 _aPhysics
700 _aHalkias Christos C
942 _cBK
999 _c5472
_d5472